| 000 | 00625nam a22001937a 4500 | ||
|---|---|---|---|
| 999 |
_c157782 _d157782 |
||
| 005 | 20180929152724.0 | ||
| 010 | _aENG-124135 | ||
| 020 |
_c1995.00 _a9789385462894 |
||
| 035 | _aEN-107667 | ||
| 037 | _bDBAD/PUB. | ||
| 082 | _a658.827 | ||
| 100 | _aAmita Charan | ||
| 245 |
_aAdvertising and brand management / _c by Amita Charan [and] Rekha Dahiya |
||
| 260 |
_aNew Delhi _bAne Books Pvt. Ltd. _c2018 |
||
| 270 |
_a4821, Parwana Bhawan, Ist Floor, 24 Ansari Road, Darya Ganj, _bNew Delhi _e110002 |
||
| 300 | v |
_axiii,435p. _c23cm.(Hb) |
|
| 500 | _aIt includes index | ||
| 942 |
_2ddc _cEN _mAMI _h658.827 |
||